000 00524nam a2200193Ia 4500
003 GCL
008 140319s9999 xx 000 0 eng d
040 _aGCL /
_cGCL
082 0 4 _a624.15132
_bE S
100 1 _aESOUSA, L.
245 1 0 _aSAFETY AND ENIVRONMENT ISSUES IN ROCK ENGINEERING /
_cESOUSA, L.
700 1 _aGROSSMANN, N. F.
260 _a[S.N] :
_bA.A.BALKEMA,ROTTERDAM ،
_c1993
300 _a928 P
650 0 4 _aالتحليل الرياضى
650 0 4 _aENVIRONMENT
650 0 4 _aROCKS
942 _2ddc
_cBK
999 _c16649
_d16649